000 00480nam a22001337a 4500
999 _c12391
_d12391
008 230510b 2020 ||||| |||| 00| 0 eng d
020 _a9789280100464
082 _a344.046343
_bIMO
110 _aIMO
245 _a London Convention and Protocol : step-by-step guidance on simple approaches to creating and using action lists and action levels for dredged material
260 _aLondon
_bIMO ( International Maritime Organization)
_c2020
300 _aiii, 74p.
942 _cBK